Becoming your own protector / (Record no. 2524)
[ view plain ]
| 000 -LEADER | |
|---|---|
| fixed length control field | 00572nam a2200181 i 4500 |
| 003 - CONTROL NUMBER IDENTIFIER | |
| control field | OSt |
| 005 - DATE AND TIME OF LATEST TRANSACTION | |
| control field | 20241216140924.0 |
| 008 - FIXED-LENGTH DATA ELEMENTS--GENERAL INFORMATION | |
| fixed length control field | 240427s2009 np |||||r|||| 00| 0 eng d |
| 040 ## - CATALOGING SOURCE | |
| Original cataloging agency | LHL |
| Language of cataloging | eng |
| Transcribing agency | LHL |
| Description conventions | rda |
| 100 ## - MAIN ENTRY--PERSONAL NAME | |
| Personal name | Chökyi Nyima, |
| Titles and words associated with a name | Rinpoche, |
| Dates associated with a name | 1951- |
| 245 ## - TITLE STATEMENT | |
| Title | Becoming your own protector / |
| Statement of responsibility, etc. | a teaching by Chökyi Nyima Rinpoche. |
| 264 ## - PRODUCTION, PUBLICATION, DISTRIBUTION, MANUFACTURE, AND COPYRIGHT NOTICE | |
| Place of production, publication, distribution, manufacture | Kathmandu : |
| Name of producer, publisher, distributor, manufacturer | Ka-Nying Shedrub Ling Monastery, |
| Date of production, publication, distribution, manufacture, or copyright notice | 2009. |
| 300 ## - PHYSICAL DESCRIPTION | |
| Extent | 9 pages ; |
| Dimensions | 21 cm. |
| 336 ## - CONTENT TYPE | |
| Source | rdacontent |
| Content type term | text |
| Content type code | txt |
| 337 ## - MEDIA TYPE | |
| Source | rdamedia |
| Media type term | unmediated |
| Media type code | n |
| 338 ## - CARRIER TYPE | |
| Source | rdacarrier |
| Carrier type term | volume |
| Carrier type code | nc |
| 942 ## - ADDED ENTRY ELEMENTS (KOHA) | |
| Koha item type | Book |
| Suppress in OPAC | No |
| Source of classification or shelving scheme | Lindholme Classification Scheme |
| Withdrawn status | Lost status | Source of classification or shelving scheme | Damaged status | Not for loan | Collection | Home library | Current library | Shelving location | Date acquired | Total checkouts | Full call number | Barcode | Date last seen | Price effective from | Koha item type |
|---|---|---|---|---|---|---|---|---|---|---|---|---|---|---|---|
| Lindholme Classification Scheme | Vajrayana | Lindholme Hall Library | Lindholme Hall Library | General stacks | 16/12/2024 | 553 NYI | 2403420 | 16/12/2024 | 16/12/2024 | Booklet |